|
|
|
|
| LEADER |
02751nam a22004695i 4500 |
| 001 |
978-3-319-27347-1 |
| 003 |
DE-He213 |
| 005 |
20160315130027.0 |
| 007 |
cr nn 008mamaa |
| 008 |
160315s2016 gw | s |||| 0|eng d |
| 020 |
|
|
|a 9783319273471
|9 978-3-319-27347-1
|
| 024 |
7 |
|
|a 10.1007/978-3-319-27347-1
|2 doi
|
| 040 |
|
|
|d GrThAP
|
| 050 |
|
4 |
|a RM1-950
|
| 072 |
|
7 |
|a MMG
|2 bicssc
|
| 072 |
|
7 |
|a MED071000
|2 bisacsh
|
| 082 |
0 |
4 |
|a 615
|2 23
|
| 245 |
1 |
0 |
|a Clinical Pharmacology: Current Topics and Case Studies
|h [electronic resource] /
|c edited by Markus Müller.
|
| 250 |
|
|
|a 2nd ed. 2016.
|
| 264 |
|
1 |
|a Cham :
|b Springer International Publishing :
|b Imprint: Springer,
|c 2016.
|
| 300 |
|
|
|a VI, 405 p. 30 illus., 16 illus. in color.
|b online resource.
|
| 336 |
|
|
|a text
|b txt
|2 rdacontent
|
| 337 |
|
|
|a computer
|b c
|2 rdamedia
|
| 338 |
|
|
|a online resource
|b cr
|2 rdacarrier
|
| 347 |
|
|
|a text file
|b PDF
|2 rda
|
| 505 |
0 |
|
|a The discipline of Clinical Pharmacology -- Current issues in drug development -- Current issues in drug regulation -- Current issues in drug reimbursement -- Ethics of clinical research -- GCP, Scientific misconduct -- Phases of drug development, first in man studies -- Clinical trials - Interventional studies -- Clinical trials - observational studies -- Imaging -- Microdosing -- Genomics -- Pharmacokinetics/Pharmacodynamics -- Epidemiology, statistics -- Placebo effects -- Pharmaceutical drug safety -- Drug interactions -- Advanced therapies -- Biological pharmaceuticals -- Generic drugs, Enantiomers -- Special situations I: orphan drugs -- Special situations II: sex differences -- Special situations III: children.
|
| 520 |
|
|
|a This revised and extended second edition focuses on current and emerging topics in drug development, their molecular mechanisms of action as well as regulatory issues. In addition, in-depth insights into clinical drug research and trial methodology are presented on the basis of concrete case studies. This updated book makes a valuable contribution to the field of Clinical Pharmacology and serves as a must-have guide for professors, researchers and advanced students from academia and pharmaceutical industry. .
|
| 650 |
|
0 |
|a Medicine.
|
| 650 |
|
0 |
|a Pharmacy.
|
| 650 |
|
0 |
|a Pharmacology.
|
| 650 |
|
0 |
|a Pharmacotherapy.
|
| 650 |
1 |
4 |
|a Biomedicine.
|
| 650 |
2 |
4 |
|a Pharmacology/Toxicology.
|
| 650 |
2 |
4 |
|a Pharmacy.
|
| 650 |
2 |
4 |
|a Pharmacotherapy.
|
| 700 |
1 |
|
|a Müller, Markus.
|e editor.
|
| 710 |
2 |
|
|a SpringerLink (Online service)
|
| 773 |
0 |
|
|t Springer eBooks
|
| 776 |
0 |
8 |
|i Printed edition:
|z 9783319273457
|
| 856 |
4 |
0 |
|u http://dx.doi.org/10.1007/978-3-319-27347-1
|z Full Text via HEAL-Link
|
| 912 |
|
|
|a ZDB-2-SBL
|
| 950 |
|
|
|a Biomedical and Life Sciences (Springer-11642)
|